ბათუმის შოთა რუსთაველის სახელმწიფო უნივერსიტეტის ბიბლიოთეკა

ვარდის ფურცლობა. [1924-1934] (ბიბ.ჩანაწერი № 43351)

000 -LEADER
fixed length control field 00799nam a2200241Ia 4500
001 - CONTROL NUMBER
control field 10079
003 - CONTROL NUMBER IDENTIFIER
control field GE_BSU
008 - FIXED-LENGTH DATA ELEMENTS--GENERAL INFORMATION
fixed length control field 181216s||||||||xx |||||||||||||| ||und||
040 ## - CATALOGING SOURCE
Transcribing agency GE_BSU
080 ## - UNIVERSAL DECIMAL CLASSIFICATION NUMBER
Universal Decimal Classification number 821.353.1–1
100 ## - MAIN ENTRY--PERSONAL NAME
Personal name ჟურული,ვარლამ
245 ## - TITLE STATEMENT
Title ვარდის ფურცლობა. [1924-1934]
245 ## - TITLE STATEMENT
Remainder of title ლექსები,ლირიკა
245 ## - TITLE STATEMENT
Statement of responsibility, etc. [პ/მ რედ.ბ.ჩხეიძე.მხატვ.გაბაშვილი.]
260 ## - PUBLICATION, DISTRIBUTION, ETC.
Place of publication, distribution, etc. ტფილისი
260 ## - PUBLICATION, DISTRIBUTION, ETC.
Name of publisher, distributor, etc. სახელგამი
260 ## - PUBLICATION, DISTRIBUTION, ETC.
Date of publication, distribution, etc. 1935
300 ## - PHYSICAL DESCRIPTION
Extent 140გვ.პორტრ.15სმ.
653 ## - INDEX TERM--UNCONTROLLED
Uncontrolled term ვარდის ფურცლობა
653 ## - INDEX TERM--UNCONTROLLED
Uncontrolled term ლექსები,ლირიკა
942 ## - ADDED ENTRY ELEMENTS (KOHA)
Koha item type წიგნი
ეგზემპლარები
Withdrawn status Lost status Damaged status Not for loan Date acquired Barcode Date last seen Price effective from Koha item type
        2018-12-17 33354 2018-12-17 2018-12-17 წიგნი